International Students Around The World Quiz Stats

 Plays Quiz Updated Jul 2, 2018

Challenge
Share
Tweet
Embed
Score 0/75 Timer 04:00
4 Plays Today
Host Country Country of Origin % Correct
AustraliaChina (40.2)
97.4%
CanadaChina (26.1)
97.4%
FranceChina (10.3)
97.4%
GermanyChina (9.7)
97.4%
JapanChina (63.4)
97.4%
MalaysiaChina (11.8)
97.4%
SwedenChina (8.5)
97.4%
United KingdomChina (13.3)
97.4%
United StatesChina (21.8)
97.4%
MexicoUnited States (34.4)
97.3%
United KingdomUnited States (5.2)
97.3%
ChinaUnited States (7.8)
96.7%
CanadaUnited States(5.2)
96.6%
ChinaJapan (6.5)
93.5%
MexicoFrance (15.5)
93.1%
SwedenFrance (5.3)
93.1%
United KingdomFrance (4.1)
93.1%
AustraliaIndia (6.4)
91.4%
CanadaIndia (8.0)
91.4%
United StatesIndia (14.4)
91.4%
United KingdomIndia (8.9)
91.4%
SwedenGermany (7.9)
90%
United KingdomGermany (4.3)
90%
MexicoGermany (5.5)
90%
SpainMexico (5.5)
89.4%
MexicoSpain (6.0)
86.1%
GermanyRussia (5.2)
86%
United StatesCanada (3.8)
85.9%
MexicoCanada (6.3)
84.4%
ChileArgentina (5.1)
82.5%
SpainArgentina (5.3)
82.5%
SpainItaly (6.7)
80%
CanadaSouth Korea (11.3)
79.6%
ChinaSouth Korea (27.1)
79.6%
JapanSouth Korea (12.8)
79.6%
United StatesSouth Korea (10.1)
79.6%
SwedenPakistan (6.4)
75%
AustraliaIndonesia (3.9)
68.5%
Host Country Country of Origin % Correct
MalaysiaIndonesia (11.4)
68.5%
ChilePeru (21.8)
65.5%
GermanyPoland (4.0)
62.8%
IndiaIran (13.6)
60.7%
MalaysiaIran (13.6)
60.7%
AustraliaMalaysia (7.4)
60%
JapanMalaysia (1.8)
60%
AustraliaVietnam (4.5)
60%
ChinaVietnam (5.1)
60%
JapanVietnam (2.9)
59.9%
ChileColombia (7.9)
58.8%
SpainColombia (8.1)
58.8%
ChinaThailand (4.8)
57.7%
GermanyTurkey (10.4)
52.8%
SwedenFinland (4.9)
49.7%
CanadaSaudi Arabia (5.9)
48.5%
ChileBolivia (4.6)
46%
ChileEcuador (6.7)
44.2%
JapanTaiwan (3.3)
40.9%
United StatesTaiwan (3.4)
40.9%
MalaysiaNigeria (6.7)
40.5%
IndiaNepal (7.9)
39.9%
FranceMorocco (11.3)
39.8%
SpainMorocco (6.5)
39.8%
GermanyUkraine (3.5)
38.2%
South AfricaZimbabwe (23.6)
37.2%
IndiaAfghanistan (5.5)
36.7%
FranceAlgeria (8.0)
36.5%
South AfricaLesotho (6.6)
33.4%
South AfricaNamibia (11.9)
31.8%
South AfricaBotswana (8.0)
31.5%
South AfricaeSwatini (5.7)
28.9%
FranceTunisia (4.8)
24.3%
IndiaUnited Arab Emirates (7.9)
24.1%
IndiaEthiopia (8.9)
19.1%
MalaysiaYemen (6.7)
14.8%
FranceSenegal (3.5)
10.7%

You're not logged in!

Compare scores with friends on all Sporcle quizzes.
OR
Log In

You Might Also Like...

Show Comments

Extras

Top Quizzes Today


Score Distribution

Your Account Isn't Verified!

In order to create a playlist on Sporcle, you need to verify the email address you used during registration. Go to your Sporcle Settings to finish the process.

Report this User

Report this user for behavior that violates our Community Guidelines.

Details: